[Event "11th Istanbul Open A"]
[Site "Istanbul TUR"]
[Date "2012.09.03"]
[Round "4"]
[White "Soltanici,R"]
[Black "Atakisi,U"]
[Result "1/2-1/2"]
[WhiteElo "2425"]
[BlackElo "2321"]

1.e4 c5 2.Nf3 Nc6 3.Bb5 d6 4.O-O Bd7 5.Re1 Nf6 6.c3 a6 7.Bf1 Bg4 8.h3 Bxf3
9.Qxf3 g6 10.d3 Bg7 11.Be3 Nd7 12.Nd2 O-O 13.Qd1 b5 14.Nf3 b4 15.Qa4 Qc7
16.d4 a5 17.Rac1 Rfb8 18.Nd2 Qb7 19.d5 Nce5 20.f4 Nb6 21.Qc2 Ned7 22.a4 bxc3
23.bxc3 Qc7 24.Bb5 Nc8 25.Nc4 Ndb6 26.Na3 Na7 27.Bf1 Qd7 28.Nb5 Nbc8 29.Rb1 Nxb5
30.Bxb5 Qc7 31.Bf2 Rb6 32.Bg3 Na7 33.Bc4 Rab8 34.Rxb6 Qxb6 35.e5 Nc8 36.Bb5 Na7
37.Bc4 Nc8 38.Bb5 Na7 39.c4 Qc7 40.Kh2 Nxb5 41.cxb5 c4 42.Re4 Rc8 43.b6 Qxb6
44.Rxc4 Rxc4 45.Qxc4 h5 46.Qc8+ Kh7 47.Qe8 dxe5 48.fxe5 h4 49.Bf4 g5 50.Qxf7 gxf4
51.d6 exd6 52.e6 Qe3 53.Qh5+ Kg8 54.Qf7+ Kh7  1/2-1/2

[Event "World Youth U16 Olympiad 2012"]
[Site "Istanbul TUR"]
[Date "2012.09.03"]
[Round "7.5"]
[White "Cabarkapa,N"]
[Black "Javanbakht,N"]
[Result "0-1"]
[WhiteElo "2282"]
[BlackElo "2385"]

1.e4 c5 2.Nf3 Nc6 3.Bb5 Nf6 4.Bxc6 bxc6 5.d3 g6 6.O-O Bg7 7.h3 O-O 8.Re1 Ne8
9.Nbd2 Nc7 10.e5 Ne6 11.Nc4 Qc7 12.b3 d5 13.Ncd2 f5 14.c4 g5 15.Bb2 g4 16.hxg4 fxg4
17.Nh2 Nf4 18.Ndf1 Bf5 19.Ne3 Bg6 20.cxd5 cxd5 21.d4 Nd3 22.Ba3 Rad8 23.Bxc5 g3
24.fxg3 Nxe1 25.Qxe1 Bxe5 26.Neg4 Bg7 27.Nf3 Be4 28.Ng5 Qd7 29.Ne5 Bxe5 30.dxe5 Rf5
31.e6 Qb5 32.Be3 d4 33.Nxe4 dxe3 34.Qxe3 Qb6 35.Qxb6 axb6 36.Rc1 Re5 37.Rc4 Rxe6
38.a4 Rd3 39.Rb4 Re3 40.Ng5 Rc6 41.Kf2 Rd3 42.Ne4 Rc2+ 43.Kg1 Re3 44.Kh2 Rb2
45.Ng5 Rbxb3 46.Rg4 h5 47.Rh4 Rxg3 48.Rxh5 Rg4 49.Nf3 Rb2 50.Nh4 Rxa4 51.Nf5 e6
52.Rg5+ Kf7 53.Ne3 Re2 54.Ng4 Ra5 55.Nh6+ Kf6  0-1

[Event "5th Sabadell Open A"]
[Site "Sabadell ESP"]
[Date "2012.09.03"]
[Round "5"]
[White "Aroshidze,L"]
[Black "Rodriguez Garcia,V"]
[Result "1-0"]
[WhiteElo "2568"]
[BlackElo "2383"]

1.e4 c5 2.Nf3 Nc6 3.Bb5 g6 4.Bxc6 dxc6 5.d3 Bg7 6.h3 b6 7.Nc3 e5 8.Be3 Ne7
9.Qd2 h6 10.O-O f5 11.exf5 gxf5 12.Qe2 Qd6 13.Rae1 Ba6 14.Nd2 O-O-O 15.f4 e4
16.Ncxe4 Qd7 17.Nc3 Nd5 18.Nxd5 cxd5 19.b3 Rde8 20.Qd1 Bc3 21.Bf2 Reg8 22.Bh4 Rh7
23.Re2 Bxd2 24.Qxd2 d4 25.g3 Bb7 26.Kf2 Re8 27.Ke1 Rxe2+ 28.Qxe2 Rh8 29.Bf6 Re8
30.Be5 Qf7 31.g4 Rg8 32.Rg1 Bc6 33.Kd2 Rg6 34.Qf2 Kd7 35.Qh4 Bd5 36.Kc1 Be6
37.Kb2 Kc8 38.g5 Qh7 39.Qh5 Bd5 40.Bf6 Kb7 41.Re1 Ka6 42.Re7 Qg8 43.gxh6 Rxf6
44.h7  1-0

[Event "11th Kesarovski-Stanchev Mem"]
[Site "Sunny Beach BUL"]
[Date "2012.09.03"]
[Round "3.8"]
[White "Georgiev,Kr"]
[Black "Jasny,S"]
[Result "1-0"]
[WhiteElo "2423"]
[BlackElo "2296"]

1.e4 c5 2.Nf3 Nc6 3.Bb5 g6 4.O-O Bg7 5.c3 Nf6 6.Re1 O-O 7.h3 e5 8.Na3 d6
9.Bxc6 bxc6 10.Qa4 Bb7 11.Nc4 a5 12.d3 Qc7 13.d4 cxd4 14.cxd4 Nxe4 15.Rxe4 c5
16.Re1 cxd4 17.Bd2 e4 18.Nh2 d5 19.Nxa5 e3 20.fxe3 dxe3 21.Rxe3 d4 22.Re2 d3
23.Rf2 Bxb2 24.Rb1 Be5 25.Ng4 Bg3 26.Qd4 Bxf2+ 27.Kxf2 f6 28.Rxb7 Qc2 29.Nc4 Rad8
30.Nxf6+ Rxf6+ 31.Qxf6  1-0

[Event "11th Kesarovski-Stanchev Mem"]
[Site "Sunny Beach BUL"]
[Date "2012.09.03"]
[Round "3.28"]
[White "Nikolov,J"]
[Black "Popov,P"]
[Result "1-0"]
[WhiteElo "2067"]
[BlackElo "2243"]

1.e4 c5 2.Nf3 Nc6 3.Bb5 Nf6 4.Nc3 Qc7 5.O-O d6 6.h3 e6 7.Re1 Bd7 8.d4 cxd4
9.Nxd4 Be7 10.a4 O-O 11.Kh1 a6 12.Bf1 Nxd4 13.Qxd4 Bc6 14.f4 d5 15.e5 Nd7
16.Be3 b6 17.Qd2 Bb7 18.Bd4 Nc5 19.Bd3 f5 20.exf6 Bxf6 21.Bxc5 bxc5 22.Rxe6 Bxc3
23.Qxc3 Rxf4 24.Rae1 d4 25.Qb3  1-0

[Event "40th Olympiad Open"]
[Site "Istanbul TUR"]
[Date "2012.09.04"]
[Round "7.78"]
[White "Jeitz,C"]
[Black "Bernardi,R"]
[Result "1-0"]
[WhiteElo "2212"]
[BlackElo "2121"]

1.e4 c5 2.Nf3 Nc6 3.Bb5 g6 4.O-O Bg7 5.c3 Nf6 6.Re1 O-O 7.h3 d5 8.e5 Ne8
9.d4 Qb6 10.Bxc6 bxc6 11.Nbd2 cxd4 12.cxd4 Nc7 13.Nb3 h6 14.Nc5 Ne6 15.Na4 Qb5
16.b3 a5 17.Ba3 Ra7 18.g3 Re8 19.Kg2 Nd8 20.Rc1 Qb8 21.Qd2 h5 22.Nc5 Bf5
23.Nh4 Bc8 24.f4 Bh6 25.Rc3 Qc7 26.Qe2 Ne6 27.Nxe6 Bxe6 28.f5 gxf5 29.Rf1 Qd7
30.Qxh5 Bg7 31.Nxf5 Bxf5 32.Rxf5 Qe6 33.Rf4 Ra6 34.Rg4 Kf8 35.Bc1 c5 36.Qh7  1-0

[Event "40th Olympiad Open"]
[Site "Istanbul TUR"]
[Date "2012.09.04"]
[Round "7.77"]
[White "Bacallao Alonso,Y"]
[Black "Mueller,Oli"]
[Result "1-0"]
[WhiteElo "2583"]
[BlackElo "2265"]

1.e4 c5 2.Nf3 Nc6 3.Bb5 d6 4.O-O Bd7 5.Re1 Nf6 6.c3 a6 7.Bf1 Bg4 8.d4 Bxf3
9.gxf3 e5 10.d5 Ne7 11.b4 cxb4 12.cxb4 Ng6 13.b5 Be7 14.bxa6 bxa6 15.Qa4+ Qd7
16.Qxd7+ Nxd7 17.Be3 O-O 18.Nd2 Nh4 19.Rab1 Rfb8 20.Rec1 Nc5 21.Be2 Ng6 22.Nc4 Nf4
23.Bf1 Nfd3 24.Rd1 Rxb1 25.Rxb1 f5 26.Rd1 fxe4 27.fxe4 Nb4 28.Bxc5 dxc5 29.Nxe5 Nxa2
30.d6 Nc3 31.dxe7 Nxd1 32.Bc4+ Kh8 33.Nf7+  1-0

[Event "40th Olympiad Open"]
[Site "Istanbul TUR"]
[Date "2012.09.04"]
[Round "7.68"]
[White "Baules,J"]
[Black "Hamperl,F"]
[Result "1/2-1/2"]
[WhiteElo "2352"]
[BlackElo "2120"]

1.e4 c5 2.Nf3 Nc6 3.Bb5 g6 4.O-O Bg7 5.c3 Nf6 6.d4 cxd4 7.cxd4 d5 8.Ne5 Bd7
9.Nxd7 Nxd7 10.e5 Qb6 11.Nc3 e6 12.Be3 Rc8 13.Qd2 a6 14.Be2 O-O 15.Rac1 f6
16.f4 fxe5 17.fxe5 Ne7 18.Na4 Rxf1+ 19.Rxf1 Qc6 20.Qb4 Qc2 21.Qxe7 Qxe2 22.Qxe6+ Kh8
23.Bg5 Rf8 24.Bf4 g5 25.Nc3 Qxb2 26.Nxd5 Qxd4+ 27.Be3 Rxf1+ 28.Kxf1 Qa1+
29.Kf2 Nf8 30.Qd6 Qxa2+ 31.Kf3 g4+ 32.Kg3 Qb2 33.Bf4 Qe2 34.Ne3 h5 35.Bh6 Qe1+
36.Kf4 Qf2+ 37.Ke4 Qf7 38.Bxg7+ Kxg7 39.Nf5+ Kh8 40.Qh6+ Kg8 41.Qg5+ Qg6
42.Qd8 Qc6+ 43.Kf4 Qc1+ 44.Ke4  1/2-1/2

[Event "40th Olympiad Open"]
[Site "Istanbul TUR"]
[Date "2012.09.04"]
[Round "7.29"]
[White "Kindermann,S"]
[Black "Bomo,K"]
[Result "1-0"]
[WhiteElo "2498"]
[BlackElo "2046"]

1.e4 c5 2.Nf3 Nc6 3.Bb5 Qb6 4.Bxc6 Qxc6 5.Nc3 d6 6.d4 Bg4 7.d5 Qb6 8.h3 Bxf3
9.Qxf3 g6 10.O-O Nf6 11.Re1 Nd7 12.a4 Bg7 13.a5 Qa6 14.Bg5 Ne5 15.Qg3 h6
16.Bc1 O-O 17.f4 Nc4 18.e5 Kh7 19.b3 Nxa5 20.Ne4 b6 21.Qh4 Qb7 22.f5 gxf5
23.Nf6+ exf6 24.exf6 Rfe8 25.Rxe8 Rxe8 26.fxg7 Kxg7 27.Bxh6+ Kh7 28.Bg5+  1-0

[Event "11th Kesarovski-Stanchev Mem"]
[Site "Sunny Beach BUL"]
[Date "2012.09.05"]
[Round "5.13"]
[White "Yarmysty,M"]
[Black "Ivanov,Bog"]
[Result "1-0"]
[WhiteElo "2363"]
[BlackElo "2206"]

1.e4 c5 2.Nf3 Nc6 3.Bb5 e6 4.O-O Nge7 5.Re1 a6 6.Bxc6 Nxc6 7.d4 cxd4 8.Nxd4 Qc7
9.Nc3 Bd6 10.Nxc6 dxc6 11.f4 e5 12.f5 b5 13.Qg4 g6 14.Be3 Bd7 15.Qh4 Be7
16.Qf2 f6 17.Rad1 O-O 18.Rd3 Rab8 19.Red1 Rfd8 20.Ba7 Rb7 21.Bc5 Be8 22.Rxd8 Bxd8
23.Ne2 Qc8 24.Nc1 Rg7 25.fxg6 Bxg6 26.Qf3 Rf7 27.h4 h5 28.Ne2 f5 29.Qg3 Kh7
30.Qxe5 fxe4 31.Nf4 Bc7 32.Qe6 Qxe6 33.Nxe6 Bf4 34.Rd8 Bh6 35.Bd4 Bf5 36.Ng5+ Bxg5
37.hxg5 Rd7 38.Rh8+ Kg6 39.Be3 Kg7 40.Ra8 Rd1+ 41.Kf2 Kg6 42.Rxa6 Bd7 43.Ra8 Rb1
44.Rd8 Be6 45.Rd6 Kf5 46.Rxc6 Rxb2 47.g6  1-0

[Event "40th Olympiad Open"]
[Site "Istanbul TUR"]
[Date "2012.09.07"]
[Round "10.33"]
[White "Solak,D"]
[Black "Vorobjov,P"]
[Result "1/2-1/2"]
[WhiteElo "2599"]
[BlackElo "2156"]

1.e4 c5 2.Nf3 Nc6 3.Bb5 g6 4.Bxc6 dxc6 5.h3 Bg7 6.d3 Nf6 7.Nc3 O-O 8.Be3 Nd7
9.Qd2 Re8 10.Bh6 Bh8 11.h4 c4 12.d4 e5 13.d5 cxd5 14.Nxd5 Nb6 15.Nc3 Qxd2+
16.Bxd2 Bd7 17.Be3 Bc6 18.a4 f5 19.Nd2 fxe4 20.Ndxe4 Nd5 21.Nxd5 Bxd5 22.f3 Bc6
23.Kd2 a6 24.a5 Red8+ 25.Kc3 Rac8 26.Rad1 Bg7 27.Rxd8+ Rxd8 28.Kxc4 Bd5+
29.Kb4 Bf8+ 30.Bc5 Bxe4 31.fxe4 Rd4+ 32.c4 Rxe4 33.Bxf8 Kxf8 34.Kc5 Ke7 35.b3 Rd4
36.Kb6 Rd7 37.c5 Ke6 38.Re1 Kf5 39.b4 e4 40.c6 bxc6 41.Kxa6 Rd4 42.b5 cxb5
43.Kxb5 Rd2 44.Ra1 e3 45.a6 Rd8 46.a7 Ra8 47.Kb6 Ke4 48.Kb7 Rxa7+ 49.Rxa7 e2
50.Kc6 Kd3 51.Rd7+ Kc2 52.Re7 Kd2 53.Rd7+ Kc2 54.Re7 Kd2  1/2-1/2

[Event "40th Olympiad Open"]
[Site "Istanbul TUR"]
[Date "2012.09.07"]
[Round "10.60"]
[White "De la Riva Aguado,O"]
[Black "Blijstra,Wim"]
[Result "0-1"]
[WhiteElo "2540"]
[BlackElo "2206"]

1.e4 c5 2.Nf3 Nc6 3.Bb5 e6 4.O-O Nge7 5.b3 a6 6.Bxc6 Nxc6 7.Bb2 d5 8.exd5 Qxd5
9.Nc3 Qd8 10.Ne4 b6 11.d4 cxd4 12.Nxd4 Bb7 13.Re1 Bb4 14.Nxe6 fxe6 15.Qh5+ g6
16.Qg4 e5 17.Red1 Nd4 18.c3 Bc8 19.Qg5 Qxg5 20.Nxg5 Bxc3 21.Bxc3 Ne2+ 22.Kf1 Nxc3
23.Rd3 Nb5 24.a4 Na7 25.Rc1 O-O 26.Rd6 Bf5 27.Rc7 Nc8 28.Rd5 Ra7 29.Rc3 Re7
30.Re3 Rfe8 31.h3 h6 32.Nf3 e4 33.Nd2 Re5 34.Rd4 h5 35.Nc4 R5e6 36.Ke1 b5
37.axb5 axb5 38.Na3 Re5 39.Nc2 Nb6 40.Nb4 Rc5 41.f3 Rce5 42.f4 Rc5 43.Kd2 h4
44.Rd6 Nc8 45.Rd4 Kf7 46.Na2 Re6  0-1

[Event "11th Kesarovski-Stanchev Mem"]
[Site "Sunny Beach BUL"]
[Date "2012.09.07"]
[Round "7.34"]
[White "Elishev,I"]
[Black "Dimitrov,De"]
[Result "1-0"]
[WhiteElo "2204"]
[BlackElo "2079"]

1.e4 c5 2.Nf3 Nc6 3.Bb5 d6 4.d4 cxd4 5.Qxd4 Bd7 6.Bxc6 Bxc6 7.Bg5 Nf6 8.Nc3 e6
9.O-O Be7 10.e5 dxe5 11.Qxd8+ Rxd8 12.Nxe5 Nd5 13.Nxc6 bxc6 14.Bxe7 Kxe7
15.Ne4 Nb4 16.c3 Nd3 17.b3 f5 18.Ng5 Kf6 19.h4 e5 20.Rad1 c5 21.f3 h6 22.Nh3 g5
23.hxg5+ hxg5 24.Nf2 Nf4 25.Rfe1 Rxd1 26.Rxd1 Ke6 27.Rd2 Rc8 28.c4 Rc7 29.g3 Nh5
30.g4 Nf6 31.gxf5+ Kxf5 32.Rd6 g4 33.Kg2 gxf3+ 34.Kxf3 Ne8 35.Rd5 Nf6 36.Rd8 Rg7
37.Rc8 e4+ 38.Ke2 Ke5 39.Rxc5+ Kf4 40.Rc8 Ng4 41.Rf8+ Kg3 42.Nxe4+ Kg2 43.Rf2+ Kh3
44.Kf3 Ne5+ 45.Kf4 Nc6 46.Nc3 Rg1  1-0

[Event "FSGM Sept 2012"]
[Site "Budapest HUN"]
[Date "2012.09.08"]
[Round "7.1"]
[White "Johansson,Ja SWE"]
[Black "Konnyu,J"]
[Result "1-0"]
[WhiteElo "2410"]
[BlackElo "2328"]

1.e4 c5 2.Nf3 Nc6 3.Bb5 Nf6 4.Nc3 g6 5.h3 Bg7 6.e5 Ng8 7.Bxc6 dxc6 8.O-O Nh6
9.Re1 O-O 10.Ne4 b6 11.d3 Nf5 12.Bf4 Nd4 13.Bg3 h6 14.Nfd2 Nf5 15.Bh2 Be6
16.g4 Nd4 17.c3 Nb5 18.Qe2 Qd7 19.Nc4 Nc7 20.Rad1 Rad8 21.a3 Bd5 22.Ne3 Kh7
23.f4 Bb3 24.Rd2 Nd5 25.Ng2 a5 26.Nf2 a4 27.Nh4 Nc7 28.f5 g5 29.Nf3 Rg8 30.c4 e6
31.f6 Bf8 32.Ne4 b5 33.Kg2 Qc8 34.Bg1 Na6 35.Be3 Kh8 36.Rc1 Qb7 37.Qf2 Rd4
38.Bxd4 cxd4 39.Qxd4 b4 40.Ra1  1-0

[Event "11th Istanbul Open A"]
[Site "Istanbul TUR"]
[Date "2012.09.08"]
[Round "9"]
[White "Okus,M"]
[Black "Ghattour,M"]
[Result "1/2-1/2"]
[WhiteElo "1980"]
[BlackElo "2125"]

1.e4 c5 2.Nf3 Nc6 3.Bb5 g6 4.O-O Bg7 5.Re1 Qb6 6.Na3 a6 7.Bf1 d6 8.h3 Nf6
9.c3 Ne5 10.d4 Nxf3+ 11.Qxf3 cxd4 12.Nc4 Qd8 13.cxd4 d5 14.e5 Ng8 15.Ne3 Be6
16.Bd2 Nh6 17.g4 O-O 18.Bg2 f6 19.Nxd5 fxe5 20.Qe4 Nf7 21.dxe5 Bxe5 22.Bb4 Bxd5
23.Qxd5 e6 24.Qxe6 Re8 25.Qb3 Qg5 26.Bc3 Bd6 27.Bd5 Rf8 28.Re4 Rad8 29.Be6 Qh4
30.Bd4 Be7 31.Rae1 Bf6 32.Bxf7+ Rxf7 33.Re8+ Rxe8 34.Rxe8+ Kg7 35.Qc3 Bxd4
36.Qxd4+ Kh6 37.Qe3+ Kg7 38.Kg2 Rd7 39.f4 Qf6 40.Qc3 Qxc3 41.bxc3 Kf6 42.Kf3 Rd1
43.Re3 Ra1 44.g5+ Kf7 45.Rd3 Ke7 46.c4 Rxa2 47.Rb3 b5 48.cxb5 axb5 49.Rxb5 Ra7
50.Rb6 Kf7 51.Ke4 Ra4+ 52.Ke5 Ra5+ 53.Kd6 Rf5 54.Rb7+ Kg8 55.Rb4 Kg7 56.Re4 h5
57.Ke6 Kg8 58.Ra4 Kg7 59.Ra7+ Kg8 60.Ra4 Kg7 61.Ke7 Rf7+ 62.Kd8 Rf8+ 63.Kc7 Rf7+
64.Kd6 Rf5 65.Re4 Kg8 66.Re6 Kg7 67.Re7+ Kg8 68.Re4 Kg7 69.Ke7 Rf7+ 70.Kd6 Rf5
71.Ke7  1/2-1/2

[Event "11th Istanbul Open A"]
[Site "Istanbul TUR"]
[Date "2012.09.08"]
[Round "9"]
[White "Duman,A"]
[Black "Soylemez,C"]
[Result "1-0"]
[WhiteElo "2217"]
[BlackElo "1946"]

1.e4 c5 2.Nf3 Nc6 3.Bb5 Nf6 4.Nc3 a6 5.Bxc6 dxc6 6.h3 g6 7.d3 Bg7 8.Be3 b6
9.Qd2 O-O 10.Bh6 Re8 11.Bxg7 Kxg7 12.Ne5 Qc7 13.f4 Nd7 14.Nc4 b5 15.Ne3 e5
16.f5 Qd8 17.O-O-O b4 18.Na4 Rb8 19.b3 Nf6 20.g4 Qd4 21.Kb1 Rd8 22.Nc4 Bd7
23.Rdf1 Ne8 24.Qf2 Qxf2 25.Rxf2 gxf5 26.gxf5 Kf6 27.Nxc5 Rb5 28.Na4 Rbb8
29.Rg1 Nc7 30.d4 exd4 31.e5+ Ke7 32.Nc5 Rf8 33.Rg7 Be8 34.Rf4 Nb5 35.f6+ Kd8
36.e6 Nc3+ 37.Kb2 Nd5 38.Rxd4 Kc8 39.e7 Rh8 40.Nxa6 Rb7 41.Nd6+  1-0

[Event "40th Olympiad Open"]
[Site "Istanbul TUR"]
[Date "2012.09.09"]
[Round "11.6"]
[White "Dzhumaev,M"]
[Black "Nguyen Van Huy"]
[Result "1/2-1/2"]
[WhiteElo "2499"]
[BlackElo "2506"]

1.e4 c5 2.Nf3 Nc6 3.Bb5 g6 4.O-O Bg7 5.c3 Nf6 6.Re1 O-O 7.h3 Qb6 8.Bf1 e5
9.Na3 d5 10.d3 d4 11.cxd4 cxd4 12.b4 a6 13.Rb1 Be6 14.Ng5 Bxa2 15.Rb2 h6
16.Rxa2 hxg5 17.Rb2 Nh7 18.b5 axb5 19.Rxb5 Qa6 20.Qb3 Rfb8 21.Nc4 Qa2 22.Nb6 Qxb3
23.Rxb3 Ra2 24.Re2 Ra1 25.Rc2 Rd8 26.g3 Bf8 27.Nd5 Rd7 28.Kg2 Kg7 29.Be2 Nd8
30.f4 gxf4 31.gxf4 exf4 32.Bxf4 Ne6 33.Be5+ Kh6 34.Rb5 Bg7 35.Bg3 Nf6 36.Nf4 Nxf4+
37.Bxf4+ Kh7 38.Rcb2 Kg8 39.Rxb7 Rxb7 40.Rxb7 Ra2 41.Kf3 Nh5 42.Bd6 Ra1 43.e5 Bh6
44.Rb8+ Kh7 45.Rb7 Kg8 46.Rb8+ Kh7 47.Rb7 Kg8  1/2-1/2

[Event "40th Olympiad Open"]
[Site "Istanbul TUR"]
[Date "2012.09.09"]
[Round "11.25"]
[White "Golizadeh,A"]
[Black "Ibarra Chami,L"]
[Result "1-0"]
[WhiteElo "2472"]
[BlackElo "2481"]

1.e4 c5 2.Nf3 Nc6 3.Bb5 e6 4.Bxc6 bxc6 5.d3 Ne7 6.Qe2 f6 7.Nh4 g6 8.c4 Bg7
9.f4 O-O 10.O-O d6 11.Nc3 f5 12.Nf3 fxe4 13.dxe4 Ba6 14.Rd1 Bxc3 15.bxc3 Nc8
16.e5 d5 17.Ng5 Qe7 18.Qe3 Nb6 19.Qh3 Rf5 20.cxd5 cxd5 21.Rb1 Raf8 22.Qh6 Be2
23.Re1 Bd3 24.Rb2 Na4 25.Rb3 c4 26.Ra3 Nc5 27.Be3 Rc8 28.Ra5 Rc7 29.Bxc5 Rxc5
30.Ra6 Rc7 31.Rxe6 Qc5+ 32.Kh1 Rf8 33.Rf6 Re8 34.Ne6 Rxe6 35.Rxe6 Rc8 36.Qh4 Rc7
37.Re8+ Kg7 38.Qd8 Kh6 39.e6 Qf2 40.Qg5+ Kg7 41.Qe5+ Kh6 42.Rg8 Bf5 43.e7  1-0

[Event "40th Olympiad Open"]
[Site "Istanbul TUR"]
[Date "2012.09.09"]
[Round "11.72"]
[White "Eichab,C"]
[Black "Tarlabasi,Emirhan"]
[Result "1-0"]
[WhiteElo "2034"]
[BlackElo "1740"]

1.e4 c5 2.Nf3 Nc6 3.Bb5 g6 4.O-O Bg7 5.Bxc6 bxc6 6.Re1 d5 7.d3 e6 8.Nc3 Ne7
9.Qd2 Qa5 10.h3 h5 11.exd5 cxd5 12.Qg5 f6 13.Qg3 e5 14.Bd2 Qd8 15.Nh4 Kf7
16.f4 exf4 17.Bxf4 g5 18.Bxg5 fxg5 19.Qxg5 Bd4+ 20.Kh1 Bf6 21.Rf1 Qd6 22.Rf2 Bb7
23.Raf1 Ng8 24.Qg6+ Kf8 25.Rxf6+ Nxf6 26.Rxf6+ Qxf6 27.Qxf6+ Kg8 28.Qe6+ Kf8
29.Ng6+  1-0

[Event "40th Olympiad Open"]
[Site "Istanbul TUR"]
[Date "2012.09.09"]
[Round "11.77"]
[White "Zaibi,A"]
[Black "Mueller,Oli"]
[Result "0-1"]
[WhiteElo "2214"]
[BlackElo "2265"]

1.e4 c5 2.Nf3 Nc6 3.Bb5 g6 4.O-O Bg7 5.Re1 Nf6 6.c3 O-O 7.d4 d5 8.exd5 Qxd5
9.c4 Qd6 10.dxc5 Qxd1 11.Rxd1 Ne4 12.Nbd2 Rd8 13.Re1 Nxc5 14.Nb3 Nd3 15.Re2 a5
16.a4 Bg4 17.h3 Bxf3 18.gxf3 Nd4 19.Nxd4 Bxd4 20.Rxe7 Bxf2+ 21.Kf1 Bh4 22.Re2 Bf6
23.Rb1 Nxc1 24.Rxc1 Rd3 25.Kg2 Rad8 26.c5 R3d5 27.f4 Rf5 28.Rc4 Rd4 29.Rxd4 Bxd4
30.Re4 Bxc5 31.Kg3 Bd6 32.h4 h6 33.Kg4 Kg7 34.Bc4 Rc5 35.Rd4 Be7 36.b3 h5+
37.Kg3 b6 38.Rd7 Kf8 39.Rb7 Rc6 40.Kf3 Rf6 41.Rd7 Bd6 42.Bxf7 Rxf4+ 43.Ke3 Rf6
44.Bd5 Bg3 45.Rd8+ Ke7 46.Rg8 Bxh4 47.Be4 g5 48.Bg6 Bf2+ 49.Ke4 h4 50.Bf5 Be3
51.Rg7+ Kd6 52.Rd7+ Kc6 53.Rd5 Bf4 54.Bd7+ Kc7 55.Bh3 Rf7 56.Kd4 Re7 57.Kc4 Re3
58.Rd3 Rxh3 59.Rxh3 Bg3 60.Kd5 g4 61.Rh1 h3 62.Ke4 Bf2 63.Rf1 h2 64.Rc1+ Kd6
65.Rd1+ Ke6 66.Rc1 Kd6 67.Rd1+ Kc7 68.Rc1+ Kb7 69.Rd1 Ka6 70.Rh1 Bg1 71.Kf4 Kb7
72.Kxg4 Kc6  0-1

[Event "3rd Livigno Open A"]
[Site "Livigno ITA"]
[Date "2012.09.11"]
[Round "2.5"]
[White "Vovk,A"]
[Black "Cebalo,M"]
[Result "1-0"]
[WhiteElo "2549"]
[BlackElo "2424"]

1.e4 c5 2.Nf3 Nc6 3.Bb5 d6 4.O-O Bd7 5.Re1 Nf6 6.c3 a6 7.Bf1 Bg4 8.h3 Bxf3
9.Qxf3 g6 10.d3 Bg7 11.Be3 O-O 12.Nd2 Nd7 13.Qd1 b5 14.Nf3 b4 15.Qa4 Qc7
16.d4 bxc3 17.bxc3 Rfc8 18.Rab1 Qa5 19.Qxa5 Nxa5 20.Rec1 e6 21.d5 Nf6 22.dxe6 Nxe4
23.exf7+ Kxf7 24.Rb6 d5 25.Bxa6 Rc7 26.Bd3 Nc4 27.Bxc4 dxc4 28.Bf4 Rca7 29.Re1 Nxc3
30.Ng5+ Kg8 31.Bb8 Rd7 32.Re8+ Bf8 33.Rf6 Ne2+ 34.Kf1 Kg7 35.Rfxf8 Rxb8 36.Rxb8 c3
37.Kxe2 c2 38.Ne6+ Kh6 39.Rf4  1-0

[Event "3rd Livigno Open A"]
[Site "Livigno ITA"]
[Date "2012.09.12"]
[Round "4.5"]
[White "Vovk,A"]
[Black "Roy Chowdhury,S"]
[Result "1-0"]
[WhiteElo "2549"]
[BlackElo "2419"]

1.e4 c5 2.Nf3 Nc6 3.Bb5 d6 4.O-O Bd7 5.Re1 Nf6 6.c3 a6 7.Bf1 Bg4 8.h3 Bxf3
9.Qxf3 g6 10.d3 Bg7 11.Be3 O-O 12.Nd2 Nd7 13.Qd1 b5 14.Nf3 Nb6 15.d4 cxd4
16.cxd4 d5 17.e5 Rc8 18.b3 Rc7 19.Qd2 e6 20.h4 Qe7 21.h5 gxh5 22.Rac1 Rfc8
23.Bg5 Qf8 24.Bd3 Nd7 25.Bb1 Ne7 26.Rxc7 Rxc7 27.Nh2 Ng6 28.Qe2 h4 29.Qh5 Qc8
30.Nf3 Ndf8 31.Nxh4 Nxh4 32.Qxh4 Ng6 33.Qh3 Rc6 34.g3 Qf8 35.Kg2 h6 36.Bd2 f5
37.exf6 Qxf6 38.Qg4 Nh8 39.Bf4 Nf7 40.Re3 Ng5 41.Qe2 Nf7 42.Qd3 Qxd4 43.Qh7+ Kf8
44.Bg6 Nh8 45.Bxh6 Nxg6 46.Bxg7+  1-0

[Event "3rd Livigno Open A"]
[Site "Livigno ITA"]
[Date "2012.09.14"]
[Round "6.14"]
[White "Piscopo,P"]
[Black "Sveshnikov,V"]
[Result "1/2-1/2"]
[WhiteElo "2381"]
[BlackElo "2405"]

1.e4 c5 2.Nf3 Nc6 3.Bb5 g6 4.c3 Nf6 5.e5 Nd5 6.O-O Bg7 7.d4 cxd4 8.cxd4 O-O
9.Nc3 Nc7 10.Bg5 Nxb5 11.Nxb5 h6 12.Bh4 a6 13.Nd6 g5 14.Bxg5 hxg5 15.Nxg5 f6
16.exf6 Rxf6 17.Qh5 Rxd6 18.Qf7+ Kh8 19.Qf5 Kg8 20.Qf7+ Kh8 21.Qf5 Kg8  1/2-1/2

[Event "4th Torneo Linares 2012"]
[Site "Cayey PUR"]
[Date "2012.09.16"]
[Round "1.3"]
[White "Zilleruelo Irizarry,Diego"]
[Black "Campiz Jimenez,L"]
[Result "0-1"]
[WhiteElo "2056"]
[BlackElo "2066"]

1.e4 c5 2.Nf3 Nc6 3.Bb5 g6 4.c3 Nf6 5.Qe2 Bg7 6.O-O O-O 7.d4 cxd4 8.cxd4 d5
9.exd5 Nb4 10.Nc3 Bg4 11.Bf4 Nbxd5 12.Be5 Nxc3 13.bxc3 Nd5 14.Bxg7 Kxg7 15.Rac1 Bxf3
16.Qxf3 a6 17.Bc4 e6 18.Rfe1 Rc8 19.Bb3 b5 20.g3 Rc7 21.h4 h5 22.Re5 Rd7
23.a4 Qf6 24.Qd3 Rb8 25.axb5 axb5 26.Qe4 Qd8 27.Bd1 Nf6 28.Qg2 b4 29.cxb4 Rxb4
30.Bf3 Rbxd4 31.Rce1 Rd2 32.Rg5 Rb2 33.g4 hxg4 34.Bxg4 Nxg4 35.Rxg4 Rdd2
36.Rf1 Qd5 37.Qg3 Rb3 38.Qf4 Rf3 39.Qb4 Rd1 40.Qb2+ Kh7 41.Rxd1 Qxd1+ 42.Kg2 Rf5
43.Qd4 Qf3+ 44.Kg1 Rd5 45.Rg3 Qxg3+  0-1

[Event "zt 3.5 China Men 2012"]
[Site "Beijing CHN"]
[Date "2012.09.17"]
[Round "6.18"]
[White "Xu,Minghui"]
[Black "Liu,Zhaoqi"]
[Result "1-0"]
[WhiteElo "2086"]
[BlackElo "2115"]

1.e4 c5 2.Nf3 Nc6 3.Bb5 g6 4.O-O Bg7 5.c3 Nf6 6.e5 Nd5 7.d4 cxd4 8.cxd4 O-O
9.Nc3 Nxc3 10.bxc3 d6 11.exd6 Qxd6 12.a4 Bg4 13.h3 Be6 14.Ba3 Qc7 15.Ng5 Bf5
16.Re1 Rfe8 17.Qb3 e5 18.Bd6 Qd7 19.Bc4 Bf6 20.Nxf7 Be6 21.Bxe6 Qxe6 22.Qxe6 Rxe6
23.d5 Kxf7 24.dxe6+ Kxe6 25.Bxe5 Nxe5 26.f4 Kf5 27.fxe5 Bxe5 28.Rab1 Bxc3
29.Rf1+ Ke4 30.Rxb7 Bd4+ 31.Kh2 h5 32.Re1+ Kf5 33.Rf7+ Kg5 34.h4+ Kh6 35.Ree7 Rh8
36.a5 Bc5 37.Rd7 Be3 38.Kg3 Bc5 39.a6 Bg1 40.Kf3 Bb6 41.Ke4 Re8+ 42.Kd5 Rh8
43.Kc6 Rc8+ 44.Kb5 Rh8 45.Rxa7 Bxa7 46.Rxa7 g5 47.Rb7 Rf8 48.Rb6+ Kg7 49.a7  1-0

[Event "Vladivostok Russian Cup 2012"]
[Site "Vladivostok RUS"]
[Date "2012.09.17"]
[Round "1.10"]
[White "Musaev,Ra"]
[Black "Smirnov,P"]
[Result "0-1"]
[WhiteElo "2239"]
[BlackElo "2599"]

1.e4 c5 2.Nf3 Nc6 3.Bb5 e6 4.Bxc6 bxc6 5.O-O Ne7 6.d3 Ng6 7.Ng5 e5 8.Qh5 Qf6
9.g3 h6 10.Nh3 d5 11.Kg2 Bd6 12.c4 Qe6 13.b3 O-O 14.Nc3 d4 15.Na4 f5 16.Ba3 fxe4
17.dxe4 Qf7 18.Qd1 Nh4+ 19.gxh4 Qg6+ 20.Ng5 hxg5 21.Qd3 gxh4+ 22.Kh1 h3 23.Rg1 Bg4
24.Rg3 Rxf2 25.Rag1 Rd2 26.Qb1 Qf6 27.Rf1 Rf2 28.Kg1 Rf8  0-1

[Event "TCh-SRB Prem 2012"]
[Site "Valjevo SRB"]
[Date "2012.09.18"]
[Round "2.1"]
[White "Popovic,Du"]
[Black "Miljkovic,Mir1"]
[Result "1-0"]
[WhiteElo "2583"]
[BlackElo "2467"]

1.e4 c5 2.Nf3 Nc6 3.Bb5 g6 4.Bxc6 dxc6 5.h3 Bg7 6.d3 b6 7.O-O Nf6 8.Nc3 Nd7
9.Be3 e5 10.Qd2 h6 11.Nh2 Nf8 12.f4 exf4 13.Bxf4 g5 14.Bg3 Ng6 15.e5 Be6
16.Nf3 Qc7 17.Rae1 O-O-O 18.Ne4 Rhf8 19.Nd6+ Kb8 20.c3 Nf4 21.d4 f6 22.exf6 Rxf6
23.Ne4 Rg6 24.Nh4 Nxh3+ 25.Kh1 Qxg3 26.Nxg3 gxh4 27.Rxe6 Rxe6 28.Nf5 Ng5
29.Nxg7 Re4 30.Rf4 Kb7 31.Rxe4 Nxe4 32.Qf4 Ng3+ 33.Kh2 cxd4 34.cxd4 Rd7 35.Ne6  1-0

[Event "TCh-SRB Prem 2012"]
[Site "Valjevo SRB"]
[Date "2012.09.18"]
[Round "2.1"]
[White "Vuckovic,Bo"]
[Black "Bogosavljevic,B"]
[Result "1/2-1/2"]
[WhiteElo "2604"]
[BlackElo "2497"]

1.e4 c5 2.Nf3 Nc6 3.Bb5 g6 4.Bxc6 dxc6 5.d3 Bg7 6.h3 b6 7.O-O e5 8.Be3 Qe7
9.Nbd2 Nf6 10.a3 Nd7 11.Nc4 Ba6 12.Nfd2 O-O 13.f4 exf4 14.Bxf4 Bxc4 15.Nxc4 Ne5
16.Nxe5 Bxe5 17.c3 Rad8 18.Bh6 Rfe8 19.Qf3 Rd6 20.Rad1 Red8 21.Qe3 R8d7 22.Rf3  1/2-1/2

[Event "Dnepropetrovsk Autumn A"]
[Site "Dnepropetrovsk UKR"]
[Date "2012.09.19"]
[Round "4"]
[White "Gritsayeva,O"]
[Black "Orlyanskaya,D"]
[Result "1-0"]
[WhiteElo "2319"]
[BlackElo "2074"]

1.e4 c5 2.Nf3 Nc6 3.Bb5 g6 4.Bxc6 dxc6 5.h3 Nf6 6.d3 Nd7 7.Nc3 Bg7 8.Be3 Qa5
9.Qd2 Nf8 10.Bh6 Ne6 11.Bxg7 Nxg7 12.O-O Ne6 13.Rab1 Nd4 14.Nxd4 cxd4 15.b4 Qe5
16.Ne2 g5 17.c3 dxc3 18.Nxc3 g4 19.d4 Qh5 20.hxg4 Bxg4 21.f3 Bd7 22.b5 cxb5
23.Nd5 Rc8 24.a4 a6 25.axb5 Bxb5 26.Rfc1 Rc6 27.Qf4 Kf8 28.g4 Qh6 29.Qb8+ Kg7
30.Qe5+ Kg8 31.Nxe7+ Kf8 32.Nxc6  1-0

[Event "TCh-SUI National A 2012"]
[Site "Switzerland SUI"]
[Date "2012.09.22"]
[Round "6.6"]
[White "Vogt,L"]
[Black "Buss,Ra"]
[Result "1-0"]
[WhiteElo "2411"]
[BlackElo "2408"]

1.e4 c5 2.Nf3 Nc6 3.Bb5 g6 4.Bxc6 dxc6 5.h3 Bg7 6.Nc3 Nh6 7.d3 f6 8.Be3 b6
9.Qd2 Nf7 10.h4 h5 11.Nh2 e5 12.O-O-O Be6 13.g3 Qd7 14.f4 O-O-O 15.Qe2 Nd6
16.fxe5 fxe5 17.b3 Rdf8 18.Rdf1 Bh3 19.Rxf8+ Rxf8 20.a4 a5 21.Rg1 Qe7 22.g4 hxg4
23.Nxg4 Qxh4 24.Nf2 Bh6 25.Ncd1 g5 26.Rh1 g4 27.Nxg4 Qxg4 28.Qxg4+ Bxg4 29.Rxh6 Rf1
30.Rxd6 Rxd1+ 31.Kb2 Rh1 32.Rxc6+ Kb7 33.Rg6 Bd1 34.Bd2 Rh2 35.Kc1 Rh1 36.Rg5 Bf3+
37.Kb2 Rh2 38.Kc3 Rh5 39.Rg6 Bd1 40.Rg1 Bf3 41.Bg5 Rh3 42.Kb2 Rh1 43.Rg3 Bd1
44.Rg2 Re1 45.Bd2 Rh1 46.Bc3 Rh5 47.Kc1 Bf3 48.Rg7+ Ka6 49.Re7 Rh1+ 50.Kb2 Bd1
51.Bxe5 Rg1 52.c4 Rg2+ 53.Kc1 Bxb3 54.Bb8 b5 55.axb5+ Kb6 56.Ba7+  1-0